[Event "European Club Cup 2015"]
[Site "Skopje MKD"]
[Date "2015.10.20"]
[Round "3"]
[White "Grischuk, Alexander"]
[Black "Najer, Evgeniy"]
[Result "0-1"]
[WhiteElo "2774"]
[BlackElo "2658"]
[PlyCount "96"]
[EventDate "2015.10.18"]
[WhiteTeam "SIBERIA (RUS)"]
[BlackTeam "SHSM LEGACY SQUARE (RUS)"]

1. e4 c5 2. Nf3 d6 3. Bb5+ Nd7 4. c3 Ngf6 5. Qe2 a6 6. Ba4 b5 7. Bc2 Bb7 8. d4
g6 9. a4 Bg7 10. e5 dxe5 11. dxe5 Bxf3 12. gxf3 Nd5 13. e6 fxe6 14. axb5 axb5
15. Rxa8 Qxa8 16. Qxb5 Nc7 17. Qa4 Qxf3 18. Be4 Qh5 19. Bf4 Nd5 20. Bg3 N5b6
21. Qc6 e5 22. Qe6 Rf8 23. Na3 Rf6 24. Qg8+ Bf8 25. Qb3 Qg4 26. Qc2 Bh6 27. Qe2
Qh3 28. Qf1 Qxf1+ 29. Kxf1 Rd6 30. Kg2 Bf4 31. Re1 c4 32. Re2 Nc5 33. Nb5 Rd1
34. Bc2 Rc1 35. Na3 Nd3 36. f3 Bxg3 37. hxg3 e4 38. fxe4 Nxb2 39. Rd2 Nd7 40.
Bb1 Rxc3 41. Nb5 Rb3 42. Nc7+ Kd8 43. Ba2 Rb7 44. Nd5 Ke8 45. Kf2 e6 46. Nc3
Nd3+ 47. Ke3 N7e5 48. Ke2 Rf7 0-1

[Event "European Club Cup 2015"]
[Site "Skopje MKD"]
[Date "2015.10.20"]
[Round "3"]
[White "Abasov, Nijat"]
[Black "Kryvoruchko, Yuriy"]
[Result "1/2-1/2"]
[WhiteElo "2517"]
[BlackElo "2710"]
[PlyCount "72"]
[EventDate "2015.10.18"]
[WhiteTeam "ODLAR YURDU (AZE)"]
[BlackTeam "ALKALOID (MKD)"]

1. Nf3 Nf6 2. c4 e6 3. g3 d5 4. Bg2 Be7 5. O-O O-O 6. d4 dxc4 7. Qc2 a6 8. a4
Bd7 9. Qxc4 Bc6 10. Bg5 Nbd7 11. Nc3 h6 12. Bxf6 Nxf6 13. b4 Bd5 14. Nxd5 exd5
15. Qb3 c6 16. e3 Bd6 17. Rfc1 Re8 18. Ne1 h5 19. b5 axb5 20. axb5 Rxa1 21.
Rxa1 Qb6 22. Rb1 Ra8 23. Nd3 Ne4 24. Bxe4 dxe4 25. Ne5 Bxe5 26. dxe5 Re8 27.
bxc6 Qxb3 28. Rxb3 bxc6 29. Rc3 Rxe5 30. Rxc6 g6 31. h4 Kg7 32. Kg2 f5 33. Rc7+
Kf6 34. Rc6+ Kg7 35. Rc7+ Kf6 36. Rc6+ Kg7 1/2-1/2

[Event "Spice Cup Open 2015"]
[Site "Saint Louis USA"]
[Date "2015.10.19"]
[Round "4"]
[White "Troff, Kayden W"]
[Black "Le, Quang Liem"]
[Result "0-1"]
[WhiteElo "2517"]
[BlackElo "2697"]
[PlyCount "106"]
[EventDate "2015.10.17"]

1. d4 d5 2. c4 c6 3. Nf3 Nf6 4. Nc3 e6 5. g3 dxc4 6. Ne5 Nbd7 7. Nxc4 b5 8. Nd2
Bb7 9. Bg2 Qb6 10. Nde4 Be7 11. O-O O-O 12. Be3 Nd5 13. Bg5 Bxg5 14. Nxg5 Rfd8
15. a4 h6 16. Nge4 b4 17. a5 Qa6 18. Nb1 c5 19. dxc5 N5f6 20. Qd4 Nxe4 21. Bxe4
Bxe4 22. Qxe4 Qb5 23. Nd2 Nxc5 24. Qc4 Qxc4 25. Nxc4 Rd4 26. Ne5 Re4 27. Nd3
Nxd3 28. exd3 Re2 29. b3 Rd8 30. Ra4 Rd4 31. Rc1 g5 32. a6 Rb2 33. Rc4 Rxd3 34.
Rcxb4 Rf3 35. Rb7 Rfxf2 36. Rxa7 Rg2+ 37. Kh1 Rxh2+ 38. Kg1 Rhc2 39. Ra8+ Kg7
40. Ra1 Rg2+ 41. Kh1 Rh2+ 42. Kg1 Rbg2+ 43. Kf1 Rf2+ 44. Kg1 Rfg2+ 45. Kf1 Rxg3
46. a7 Rh1+ 47. Kf2 Rxa1 48. Kxg3 f5 49. b4 f4+ 50. Kg4 h5+ 51. Kxg5 f3 52. Re8
f2 53. Re7+ Kf8 0-1

[Event "Spice Cup Open 2015"]
[Site "Saint Louis USA"]
[Date "2015.10.19"]
[Round "5"]
[White "Le, Quang Liem"]
[Black "Corrales Jimenez, Fidel"]
[Result "1-0"]
[WhiteElo "2697"]
[BlackElo "2523"]
[PlyCount "103"]
[EventDate "2015.10.17"]

1. d4 d5 2. c4 e6 3. Nc3 Nf6 4. cxd5 exd5 5. Bg5 Be7 6. e3 c6 7. Bd3 O-O 8.
Nge2 Nbd7 9. f3 Re8 10. O-O Nb6 11. Qc2 h6 12. Bh4 Be6 13. Kh1 Rc8 14. Rad1
Nfd7 15. Bf2 c5 16. h3 a6 17. Bh7+ Kh8 18. Bf5 Bf6 19. Bxe6 fxe6 20. dxc5 Nxc5
21. e4 Nca4 22. Qb3 Nc5 23. Qb4 Qc7 24. exd5 exd5 25. Nf4 a5 26. Qxa5 d4 27.
Ng6+ Kh7 28. Nb5 Qd8 29. Bxd4 Nc4 30. Qxd8 Rcxd8 31. Bxf6 gxf6 32. Rxd8 Rxd8
33. Rc1 Nxb2 34. Nf8+ Rxf8 35. Rxc5 Kg6 36. h4 h5 37. Nc3 Nd3 38. Rb5 Rc8 39.
Nd5 Rc2 40. a3 Rb2 41. Ra5 b5 42. Kh2 Kf5 43. Kg3 Kg6 44. Ra8 Ra2 45. Ra6 Kf5
46. Ra5 Ke6 47. Nb4 Nxb4 48. axb4 Rxa5 49. bxa5 Kd5 50. Kf4 b4 51. Ke3 f5 52.
Kd3 1-0

[Event "Spice Cup Open 2015"]
[Site "Saint Louis USA"]
[Date "2015.10.20"]
[Round "6"]
[White "Chandra, Akshat"]
[Black "Le, Quang Liem"]
[Result "1/2-1/2"]
[WhiteElo "2506"]
[BlackElo "2697"]
[PlyCount "91"]
[EventDate "2015.10.17"]

1. e4 e5 2. Nf3 Nc6 3. Bb5 Nf6 4. O-O Nxe4 5. Re1 Nd6 6. Nxe5 Be7 7. Bf1 Nf5 8.
c3 Nxe5 9. Rxe5 d6 10. Re1 O-O 11. d4 d5 12. Bf4 c6 13. Bd3 Bd6 14. Qf3 Bxf4
15. Qxf4 Qd6 16. Qxd6 Nxd6 17. Nd2 f6 18. Re7 Rf7 19. Rae1 Rxe7 20. Rxe7 Kf8
21. Re2 Kf7 22. Nf1 h5 23. Ne3 Be6 24. f3 a5 25. g4 Rh8 26. Kg2 g6 27. Kg3 h4+
28. Kf2 Re8 29. h3 g5 30. Nf5 Bxf5 31. gxf5 Rxe2+ 32. Kxe2 Kg7 33. Ke3 Kh6 34.
b3 b5 35. a3 Kg7 36. b4 a4 37. Ke2 Kh6 38. Ke3 Ne8 39. Kf2 Ng7 40. Ke3 Nh5 41.
Be2 Nf4 42. Bf1 Kh5 43. Kf2 Kh6 44. Ke3 Kh5 45. Kf2 Kh6 46. Ke3 1/2-1/2

[Event "Spice Cup Open 2015"]
[Site "Saint Louis USA"]
[Date "2015.10.21"]
[Round "7"]
[White "Le, Quang Liem"]
[Black "Shimanov, Aleksandr"]
[Result "1/2-1/2"]
[WhiteElo "2697"]
[BlackElo "2593"]
[PlyCount "167"]
[EventDate "2015.10.17"]

1. d4 d5 2. c4 c6 3. Nc3 Nf6 4. cxd5 cxd5 5. Bf4 Nc6 6. e3 Bg4 7. f3 Bd7 8. g4
e6 9. Rc1 Rc8 10. h4 Na5 11. h5 h6 12. Rh2 Nc4 13. Rhc2 Bb4 14. Kf2 O-O 15. Nb1
Nb6 16. Bd3 Rxc2+ 17. Rxc2 Ba4 18. b3 Bc6 19. Ne2 Re8 20. Qg1 Qe7 21. Qh2 Nh7
22. Nbc3 f6 23. Bg6 Rc8 24. a4 Nf8 25. Bd3 Re8 26. Qh4 Nbd7 27. Kg2 e5 28. Bh2
exd4 29. exd4 Qe3 30. Bf5 Bxc3 31. Nxc3 Qxd4 32. Qf2 Qb4 33. Ne2 Qxb3 34. a5
Qa4 35. Nd4 a6 36. Bd6 Ne5 37. Ra2 Qd1 38. Re2 Nc4 39. Rxe8 Bxe8 40. Bxf8 Kxf8
41. Ne6+ Kg8 42. Qc5 Qe2+ 43. Kg3 Qe5+ 44. Kh3 Qd6 45. Qc8 Qe7 46. Nc7 Nd6 47.
Qb8 d4 48. Nxe8 Nxe8 49. Be4 Kf8 50. Kg2 Qd6 51. Qc8 Qc7 52. Qxc7 Nxc7 53. Bxb7
Ke7 54. Kf2 Kd6 55. Ke2 Kc5 56. Bc8 Kc4 57. Kd2 Kc5 58. Ke2 Kd5 59. Kd3 Kc5 60.
Ke2 Kb4 61. Kd3 Kxa5 62. Kxd4 Kb4 63. Ke4 a5 64. Bd7 Kc5 65. Kf5 Kd6 66. Ba4
Ke7 67. Kg6 Kf8 68. Bb3 Nb5 69. f4 Nd4 70. Ba4 Ne6 71. Kf5 Nc5 72. Bb5 Nb7 73.
Kg6 Nd6 74. Ba4 Nc8 75. Kf5 Nd6+ 76. Kg6 Nc8 77. Kf5 Nb6 78. Bc2 Nd5 79. Ke4
Ne7 80. Kd4 Ke8 81. Kc5 Kf8 82. Kd4 Nc8 83. Ke4 Ne7 84. Kd4 1/2-1/2

[Event "Spice Cup Open 2015"]
[Site "Saint Louis USA"]
[Date "2015.10.21"]
[Round "8"]
[White "Sevian, Samuel"]
[Black "Le, Quang Liem"]
[Result "0-1"]
[WhiteElo "2556"]
[BlackElo "2697"]
[PlyCount "132"]
[EventDate "2015.10.17"]

1. e4 e5 2. Nf3 Nc6 3. Bb5 Nf6 4. d3 Bc5 5. Bxc6 dxc6 6. h3 Nd7 7. Be3 Bd6 8.
O-O O-O 9. Nbd2 Re8 10. c3 b6 11. Qc2 Bb7 12. Rad1 c5 13. Rfe1 Qe7 14. Nf1 Nf8
15. Ng3 g6 16. Bh6 Ne6 17. Qc1 Rad8 18. a3 a5 19. d4 cxd4 20. cxd4 Nxd4 21.
Nxd4 exd4 22. Rxd4 Bxg3 23. Rxd8 Bxf2+ 24. Kxf2 Qxd8 25. Kg1 Qd4+ 26. Kh2 c5
27. Qf4 Bxe4 28. Re2 Qe5 29. Qxe5 Rxe5 30. Rd2 Rd5 31. Rxd5 Bxd5 32. Bg5 a4 33.
Bd8 b5 34. Be7 c4 35. Bf6 h6 36. h4 Kh7 37. g4 g5 38. hxg5 Kg6 39. Kg3 hxg5 40.
Bc3 f5 41. gxf5+ Kxf5 42. Bg7 g4 43. Bc3 Be6 44. Bg7 Ke4 45. Bf6 Kd3 46. Kf4
Bc8 47. Be5 Kc2 48. Ke3 Be6 49. Kf4 Kb3 50. Ke3 b4 51. axb4 Kxb4 52. Kd2 Kb3
53. Kc1 a3 54. bxa3 Kxa3 55. Kd1 Kb3 56. Kd2 Bf5 57. Kd1 c3 58. Kc1 Kc4 59. Kd1
Kd3 60. Kc1 c2 61. Bc7 Ke2 62. Bd6 Kf3 63. Kd2 g3 64. Bc5 Kg2 65. Bd6 Kf2 66.
Bc5+ Kf1 0-1

[Event "Spice Cup Open 2015"]
[Site "Saint Louis USA"]
[Date "2015.10.22"]
[Round "9"]
[White "Nyzhnyk, Illya"]
[Black "Le, Quang Liem"]
[Result "1/2-1/2"]
[WhiteElo "2628"]
[BlackElo "2697"]
[PlyCount "33"]
[EventDate "2015.10.17"]

1. d4 Nf6 2. c4 e6 3. Nc3 Bb4 4. Qc2 d5 5. cxd5 Qxd5 6. e3 c5 7. Bd2 Bxc3 8.
Bxc3 cxd4 9. Bxd4 Nc6 10. Bc3 O-O 11. Nf3 Rd8 12. Be2 Qe4 13. Qb3 Nd5 14. Bd2
e5 15. O-O Qg6 16. Rfd1 Nb6 17. Bc3 1/2-1/2

[Event "Chinese League (Division A) 2015"]
[Site "China CHN"]
[Date "2015.10.28"]
[Round "16"]
[White "Bai, Jinshi"]
[Black "Ni, Hua"]
[Result "1/2-1/2"]
[WhiteElo "2518"]
[BlackElo "2704"]
[PlyCount "109"]
[EventDate "2015.04.10"]
[WhiteTeam "Hangzhou"]
[BlackTeam "Shanghai"]

1. d4 Nf6 2. c4 e6 3. g3 d5 4. Nf3 Bb4+ 5. Bd2 Bd6 6. Nc3 Nbd7 7. Bg2 c6 8. O-O
dxc4 9. Bg5 O-O 10. e3 h6 11. Bxf6 Nxf6 12. Nd2 e5 13. Nxc4 exd4 14. exd4 Be6
15. d5 cxd5 16. Nxd5 Bc5 17. Nce3 Rc8 18. a3 Bxe3 19. Nxe3 Qb6 20. Qa4 Rc5 21.
b4 Rc3 22. Qa5 Qxa5 23. bxa5 Rc5 24. Rfb1 Rb8 25. Rxb7 Rxb7 26. Bxb7 Rxa5 27.
Nc2 Rc5 28. Nd4 Bd7 29. Rb1 Kf8 30. Bf3 Rc3 31. Rb3 Rxb3 32. Nxb3 Ke7 33. Kf1
Kd6 34. Ke2 Bg4 35. Bxg4 Nxg4 36. h3 Ne5 37. Nd4 Kc5 38. Nf5 Kc4 39. Kd2 Kb3
40. Nd4+ Ka4 41. Kc3 g6 42. f4 Nd7 43. Nc6 a6 44. Nd8 f5 45. Nf7 Nf6 46. Kb2
Ne4 47. Ne5 Nxg3 48. Nxg6 Kb5 49. Kc3 a5 50. Ne7 Ne2+ 51. Kb2 Nxf4 52. Nxf5 h5
53. h4 Kc4 54. Ng3 Kc5 55. Kc2 1/2-1/2

[Event "Chinese League (Division A) 2015"]
[Site "China CHN"]
[Date "2015.10.28"]
[Round "16"]
[White "Xu, Minghui"]
[Black "Yu, Yangyi"]
[Result "0-1"]
[WhiteElo "2229"]
[BlackElo "2724"]
[PlyCount "64"]
[EventDate "2015.04.10"]
[WhiteTeam "Zhejiang"]
[BlackTeam "Beijing"]

1. d4 Nf6 2. c4 e6 3. Nf3 b6 4. Nc3 Bb7 5. e3 d5 6. cxd5 exd5 7. Bb5+ c6 8. Bd3
Bd6 9. O-O Nbd7 10. e4 dxe4 11. Nxe4 Nxe4 12. Bxe4 O-O 13. Ne5 Bxe5 14. dxe5
Nxe5 15. Bxh7+ Kxh7 16. Qh5+ Kg8 17. Qxe5 Re8 18. Qc3 c5 19. Bf4 Qd5 20. f3 Re2
21. Rf2 Rae8 22. a3 Qe5 23. Bg3 Re3 24. Qd2 Ba6 25. h3 Bd3 26. Rd1 c4 27. Qb4
Re6 28. Kh2 Qg5 29. Rdd2 Rg6 30. Bc7 Re7 31. Bd6 a5 32. Qxb6 Rd7 0-1

[Event "Chinese League (Division A) 2015"]
[Site "China CHN"]
[Date "2015.10.28"]
[Round "16"]
[White "Wei, Yi"]
[Black "Bu, Xiangzhi"]
[Result "0-1"]
[WhiteElo "2706"]
[BlackElo "2681"]
[PlyCount "72"]
[EventDate "2015.04.10"]
[WhiteTeam "Jiangsu"]
[BlackTeam "Chongqing"]

1. e4 c5 2. Nc3 g6 3. d4 cxd4 4. Qxd4 Nf6 5. Nf3 Nc6 6. Qa4 d6 7. e5 dxe5 8.
Nxe5 Bd7 9. Nxd7 Qxd7 10. Be3 Bg7 11. Rd1 Qg4 12. Rd4 Qf5 13. Bd3 Qe5 14. Rb4
Qc7 15. Bb5 O-O 16. Rc4 Rfc8 17. O-O e6 18. Bf4 Qb6 19. Be3 Qc7 20. Rd1 Nd7 21.
Bf4 e5 22. Be3 Nb6 23. Bxb6 axb6 24. Qb3 Rd8 25. Rd5 Bf8 26. Rxd8 Rxd8 27. Qa4
Qd6 28. g3 Nd4 29. Ne4 Ne2+ 30. Kg2 Qd1 31. Rc7 Qg1+ 32. Kh3 Rd4 33. Qxd4 Nxd4
34. Bc4 Nf3 35. Kg4 Nxh2+ 36. Kg5 h6+ 0-1

[Event "Chinese League (Division A) 2015"]
[Site "China CHN"]
[Date "2015.10.29"]
[Round "17"]
[White "Wang, Yue"]
[Black "Fang, Yuxiang"]
[Result "1-0"]
[WhiteElo "2726"]
[BlackElo "2437"]
[PlyCount "45"]
[EventDate "2015.04.10"]
[WhiteTeam "Tianjing"]
[BlackTeam "Qingdao"]

1. d4 d5 2. c4 c6 3. Nf3 Nf6 4. Nc3 a6 5. c5 Bf5 6. Qb3 Qc8 7. Nh4 Be6 8. e3
Nbd7 9. Qc2 g6 10. Bd3 Bg7 11. b3 b6 12. cxb6 Nxb6 13. Ba3 Nbd7 14. h3 c5 15.
Nf3 O-O 16. O-O a5 17. Bb5 a4 18. Bxd7 Qxd7 19. Bxc5 axb3 20. axb3 Rxa1 21.
Rxa1 Ra8 22. Rxa8+ Ne8 23. Qa2 1-0

[Event "Chinese League (Division A) 2015"]
[Site "China CHN"]
[Date "2015.10.29"]
[Round "17"]
[White "Zhang, Pengxiang"]
[Black "Wei, Yi"]
[Result "1/2-1/2"]
[WhiteElo "2570"]
[BlackElo "2706"]
[PlyCount "56"]
[EventDate "2015.04.10"]
[WhiteTeam "Heibei"]
[BlackTeam "Jiangsu"]

1. d4 Nf6 2. c4 g6 3. Nc3 d5 4. cxd5 Nxd5 5. e4 Nxc3 6. bxc3 Bg7 7. Nf3 c5 8.
Bb5+ Nc6 9. O-O O-O 10. Be3 cxd4 11. cxd4 Bg4 12. Bxc6 bxc6 13. Rc1 Rc8 14. Rc5
Bxf3 15. gxf3 Qd7 16. Kg2 f5 17. d5 cxd5 18. Qxd5+ Qxd5 19. Rxd5 fxe4 20. fxe4
Rc4 21. Rd7 Rxe4 22. Rxa7 Rf5 23. Rc1 Kf7 24. Rc5 Rg4+ 25. Kf1 Re4 26. Kg2 Rg4+
27. Kf1 Re4 28. Kg2 Rg4+ 1/2-1/2

[Event "Chinese League (Division A) 2015"]
[Site "China CHN"]
[Date "2015.10.29"]
[Round "17"]
[White "Wang, Hao"]
[Black "Lysyj, Igor"]
[Result "1/2-1/2"]
[WhiteElo "2713"]
[BlackElo "2691"]
[PlyCount "60"]
[EventDate "2015.04.10"]
[WhiteTeam "Beijing"]
[BlackTeam "Hangzhou"]

1. d4 Nf6 2. c4 e6 3. Nc3 Bb4 4. e3 O-O 5. Nge2 d5 6. a3 Bd6 7. c5 Be7 8. b4 c6
9. Bb2 Nbd7 10. Ng3 b6 11. Be2 a5 12. Qc2 Ba6 13. Bxa6 Rxa6 14. b5 Ra8 15. bxc6
Nb8 16. cxb6 Qxb6 17. Na4 Qxc6 18. Qxc6 Nxc6 19. Ke2 Rab8 20. Rhc1 Rfc8 21. Nf1
Nd7 22. Bc3 Rb3 23. Bxa5 Rxa3 24. Nb6 Nxb6 25. Bxb6 Rxa1 26. Rxa1 Rb8 27. Ba5
Ra8 28. Bc3 Rxa1 29. Bxa1 f5 30. f4 Kf7 1/2-1/2

[Event "Chinese League (Division A) 2015"]
[Site "China CHN"]
[Date "2015.10.29"]
[Round "17"]
[White "Yu, Yangyi"]
[Black "Gao, Rui"]
[Result "1/2-1/2"]
[WhiteElo "2724"]
[BlackElo "2533"]
[PlyCount "121"]
[EventDate "2015.04.10"]
[WhiteTeam "Beijing"]
[BlackTeam "Hangzhou"]

1. Nf3 Nf6 2. c4 c5 3. Nc3 d5 4. cxd5 Nxd5 5. g3 g6 6. h4 Bg7 7. h5 Nc6 8. h6
Bf6 9. Ne4 O-O 10. Bg2 Bf5 11. Nxf6+ exf6 12. d3 Re8 13. O-O Bg4 14. Re1 Qd7
15. Bd2 Rad8 16. Rc1 b6 17. Qa4 Bxf3 18. exf3 Nc7 19. Bc3 Nd4 20. Qxa7 Ne2+ 21.
Rxe2 Rxe2 22. Qxb6 Nd5 23. Qxc5 Nxc3 24. Qxc3 Qa7 25. d4 Qxa2 26. Bf1 Ree8 27.
Bb5 Re7 28. Bc4 Qa7 29. d5 Qb6 30. Ra1 Rb7 31. b3 Qd6 32. f4 Re8 33. Kg2 Rb6
34. Qd4 Qb8 35. b4 Rd6 36. b5 Qb6 37. Qd3 Qc5 38. Ra6 Rd7 39. Rxf6 Qf8 40. b6
Qxh6 41. Rc6 Rde7 42. Qf1 Re1 43. Rc8 Rxc8 44. Qxe1 Rxc4 45. b7 Qf8 46. d6 Qb8
47. Qe7 Kg7 48. Qe5+ f6 49. Qd5 Rb4 50. d7 Qd8 51. Qc6 Qe7 52. Qd5 Qd8 53. Qc6
Qe7 54. Qd5 Qd8 55. g4 h6 56. g5 hxg5 57. fxg5 fxg5 58. Qe5+ Kf7 59. Qd5+ Kg7
60. Qe5+ Kf7 61. Qd5+ 1/2-1/2

[Event "Chinese League (Division A) 2015"]
[Site "China CHN"]
[Date "2015.10.29"]
[Round "17"]
[White "Ni, Hua"]
[Black "Liu, Qingnan"]
[Result "1-0"]
[WhiteElo "2704"]
[BlackElo "2510"]
[PlyCount "75"]
[EventDate "2015.04.10"]
[WhiteTeam "Shanghai"]
[BlackTeam "Shandong"]

1. d4 f5 2. Nc3 c5 3. dxc5 Qa5 4. e4 fxe4 5. Bd2 Qxc5 6. Nxe4 Qd5 7. Bd3 Nc6 8.
Nf3 d6 9. Qe2 Kd8 10. h3 Bf5 11. O-O h6 12. Rfe1 Nf6 13. Nxf6 gxf6 14. Bc4 Qc5
15. Be3 Qa5 16. Rad1 Bd7 17. Bd5 Nb4 18. Bb3 Qh5 19. a3 Nc6 20. Bf4 Kc7 21. Be6
Rd8 22. c4 Rh7 23. c5 Bxe6 24. cxd6+ exd6 25. Qxe6 Qf7 26. Qf5 Qd7 27. Re6 Rf7
28. Nd4 Nxd4 29. Rxd4 Kb8 30. Rexd6 Bxd6 31. Rxd6 Qxd6 32. Bxd6+ Rxd6 33. Qf4
Rfd7 34. Qxh6 Rb6 35. h4 a5 36. h5 Rb5 37. Qf4+ Ka7 38. g4 1-0

[Event "Chinese League (Division A) 2015"]
[Site "China CHN"]
[Date "2015.10.29"]
[Round "17"]
[White "Xu, Huahua"]
[Black "Ju, Wenjun"]
[Result "0-1"]
[WhiteElo "2105"]
[BlackElo "2557"]
[PlyCount "102"]
[EventDate "2015.04.10"]
[WhiteTeam "Shandong"]
[BlackTeam "Shanghai"]

1. e4 c5 2. c3 Nf6 3. e5 Nd5 4. d4 cxd4 5. Nf3 Nc6 6. cxd4 d6 7. Bc4 Nb6 8. Bb5
e6 9. O-O Be7 10. Nc3 O-O 11. Qe2 Bd7 12. Bf4 dxe5 13. dxe5 Nb4 14. Bxd7 Qxd7
15. Bg5 N4d5 16. Ne4 Bxg5 17. Nfxg5 h6 18. Nh3 Rac8 19. Rad1 Qe7 20. Rd3 Nd7
21. f4 Nc5 22. Rg3 Nxe4 23. Qxe4 Qc5+ 24. Kh1 Qc4 25. Qxc4 Rxc4 26. f5 exf5 27.
Rd3 Nb6 28. Rxf5 Rc1+ 29. Ng1 Re1 30. h3 g6 31. Rf2 Rxe5 32. Nf3 Re6 33. Rc2
Rfe8 34. b3 R6e7 35. Kg1 Kg7 36. Kf2 Nd7 37. a4 Nf6 38. g4 a6 39. a5 Re4 40.
Rd4 Re3 41. b4 R8e7 42. h4 R7e4 43. Rxe4 Rxe4 44. g5 Ng4+ 45. Kg3 Rxb4 46.
gxh6+ Nxh6 47. Rc7 Nf5+ 48. Kh3 Rf4 49. Ne5 Rxh4+ 50. Kg2 Nd6 51. Rd7 Rh5 0-1

[Event "Chinese League (Division A) 2015"]
[Site "China CHN"]
[Date "2015.10.30"]
[Round "18"]
[White "Ma, Zhonghan"]
[Black "Ni, Hua"]
[Result "1/2-1/2"]
[WhiteElo "2468"]
[BlackElo "2704"]
[PlyCount "141"]
[EventDate "2015.04.10"]
[WhiteTeam "Qingdao"]
[BlackTeam "Shanghai"]

1. d4 Nf6 2. c4 e6 3. Nf3 d5 4. Nc3 Nbd7 5. Bg5 c6 6. e3 Qa5 7. Nd2 Bb4 8. Qc2
c5 9. Bxf6 Nxf6 10. Nb3 Bxc3+ 11. Qxc3 Qxc3+ 12. bxc3 cxd4 13. cxd4 dxc4 14.
Bxc4 Ke7 15. Na5 b6 16. Nc6+ Kd6 17. Ne5 Rf8 18. Be2 Bb7 19. Bf3 Bxf3 20. gxf3
Rac8 21. Kd2 Nd5 22. Rhc1 f6 23. Nd3 Ne7 24. Nb4 e5 25. dxe5+ fxe5 26. Rxc8
Rxc8 27. Rg1 g6 28. Rg4 Rf8 29. Ke2 Rc8 30. Kd2 b5 31. Nc2 a5 32. f4 e4 33. Nd4
b4 34. Rg1 Nf5 35. Nc2 Rc3 36. Rb1 Rd3+ 37. Ke2 Kc5 38. f3 Rc3 39. Rb2 Nd6 40.
Nd4 exf3+ 41. Kxf3 Rxe3+ 42. Kxe3 Nc4+ 43. Ke4 Nxb2 44. Nb3+ Kb5 45. Kd4 Nd1
46. Kd3 Nc3 47. a3 Nd5 48. Nd4+ Kc5 49. Nb3+ Kb6 50. axb4 axb4 51. Kc4 Nxf4 52.
Kxb4 Kc6 53. Kc4 Ne6 54. Nd2 Kd6 55. Kd3 Ke5 56. Ke3 Kf5 57. Kf3 Ng5+ 58. Kg2
Kf4 59. Nb3 Ke3 60. Nc5 Kd4 61. Nb3+ Kc4 62. Nd2+ Kd3 63. Nb3 Ne6 64. Na5 Nd8
65. Nb3 Ne6 66. Na5 g5 67. h4 g4 68. h5 Ke4 69. Kg3 Kf5 70. Nc4 Kg5 71. Ne3
1/2-1/2

[Event "Chinese League (Division A) 2015"]
[Site "China CHN"]
[Date "2015.10.30"]
[Round "18"]
[White "Zhao, Jun"]
[Black "Yu, Yangyi"]
[Result "0-1"]
[WhiteElo "2621"]
[BlackElo "2724"]
[PlyCount "82"]
[EventDate "2015.04.10"]
[WhiteTeam "Shandong"]
[BlackTeam "Beijing"]

1. Nf3 c5 2. g3 g6 3. Bg2 Bg7 4. O-O Nc6 5. d3 d6 6. Nc3 e6 7. Bd2 Nge7 8. Qc1
Nf5 9. Bg5 f6 10. Bd2 O-O 11. a3 b6 12. b4 Bb7 13. bxc5 dxc5 14. a4 Qd7 15. e3
Nd6 16. Nb5 Nf7 17. Bc3 Nb4 18. Qd2 Nd5 19. Bb2 e5 20. Rfd1 Rfd8 21. Qe2 a6 22.
Na3 Rab8 23. Nc4 Bc6 24. e4 Nc7 25. a5 b5 26. Nb6 Qe8 27. h4 f5 28. Re1 fxe4
29. dxe4 Ne6 30. c3 c4 31. Nd5 Bxd5 32. exd5 Nc5 33. Nd2 Nd3 34. Reb1 e4 35.
Nxe4 Nd6 36. Qe3 b4 37. Nxd6 Qxe3 38. fxe3 Rxd6 39. Bc1 Bxc3 40. Ra2 b3 41. Ba3
Bb4 0-1

[Event "Chinese League (Division A) 2015"]
[Site "China CHN"]
[Date "2015.10.30"]
[Round "18"]
[White "Wen, Yang"]
[Black "Wang, Hao"]
[Result "0-1"]
[WhiteElo "2573"]
[BlackElo "2713"]
[PlyCount "76"]
[EventDate "2015.04.10"]
[WhiteTeam "Shandong"]
[BlackTeam "Beijing"]

1. Nf3 Nf6 2. g3 d5 3. Bg2 Bg4 4. c4 c6 5. cxd5 Bxf3 6. Bxf3 cxd5 7. d4 e6 8.
Nc3 Nc6 9. e3 Be7 10. O-O O-O 11. Bd2 Rc8 12. Rc1 Nd7 13. Ne2 Qb6 14. Bc3 Bb4
15. Qd2 Nf6 16. Nf4 Bd6 17. Nd3 Ne4 18. Bxe4 dxe4 19. Nc5 Bxc5 20. dxc5 Qb5 21.
b4 Rfd8 22. Qb2 f6 23. Qb3 Kf7 24. f4 exf3 25. Rxf3 Qd3 26. Rcf1 Rd5 27. Qb2
Kg8 28. g4 Rcd8 29. Rg3 Qc4 30. g5 Rd1 31. Rgf3 Rxf1+ 32. Rxf1 Rd5 33. Be1
Rxg5+ 34. Bg3 Qxb4 35. Qxb4 Nxb4 36. Rb1 Nxa2 37. Rxb7 Rxc5 38. Rxa7 Nc3 0-1

[Event "Chinese League (Division A) 2015"]
[Site "China CHN"]
[Date "2015.10.30"]
[Round "18"]
[White "Gao, Rui"]
[Black "Bu, Xiangzhi"]
[Result "1/2-1/2"]
[WhiteElo "2533"]
[BlackElo "2681"]
[PlyCount "68"]
[EventDate "2015.04.10"]
[WhiteTeam "Hangzhou"]
[BlackTeam "Chongqing"]

1. e4 c5 2. Nf3 Nc6 3. d4 cxd4 4. Nxd4 g6 5. Nc3 Bg7 6. Be3 Nf6 7. Bc4 Qa5 8.
O-O d6 9. h3 O-O 10. Bb3 Bd7 11. Re1 Rac8 12. Nf3 Rfe8 13. Qe2 a6 14. Rad1 Ne5
15. Nxe5 Qxe5 16. Bd4 Qg5 17. Qf3 Bc6 18. Nd5 Bxd5 19. exd5 Nd7 20. Bxg7 Kxg7
21. Rd4 Ne5 22. Qe2 Nd7 23. c3 Nc5 24. Qf3 Nxb3 25. axb3 Rc7 26. h4 Qh5 27.
Qxh5 gxh5 28. b4 f6 29. g3 Kf7 30. Kg2 Rec8 31. Rde4 Ra8 32. Kf3 a5 33. Ra1 b6
34. Ke3 Rb8 1/2-1/2

[Event "Chinese League (Division A) 2015"]
[Site "China CHN"]
[Date "2015.10.30"]
[Round "18"]
[White "Zeng, Chongsheng"]
[Black "Wang, Yue"]
[Result "1-0"]
[WhiteElo "2541"]
[BlackElo "2726"]
[PlyCount "125"]
[EventDate "2015.04.10"]
[WhiteTeam "Guangdong"]
[BlackTeam "Tianjing"]

1. e4 c5 2. Nc3 Nc6 3. Bb5 g6 4. Bxc6 bxc6 5. f4 Bg7 6. Nf3 d6 7. O-O Nh6 8. d3
f5 9. e5 O-O 10. Qe2 Qc7 11. Re1 Nf7 12. Na4 Nd8 13. Bd2 Ne6 14. Qf2 Rb8 15. b3
Rd8 16. Rad1 Rb5 17. Qh4 d5 18. c4 Rb8 19. Ng5 Nxg5 20. Qxg5 e6 21. Be3 d4 22.
Bf2 Bf8 23. Bh4 Rd7 24. Qg3 Rf7 25. Bf6 Bd7 26. h4 Be8 27. h5 Rd7 28. Kf2 Qa5
29. Rh1 Bg7 30. Bxg7 Rxg7 31. h6 Rf7 32. Kf3 Qc7 33. Qe1 g5 34. Qg3 g4+ 35. Ke2
a5 36. Rh5 Rf8 37. Rhh1 Qa7 38. Qh4 Bg6 39. Ra1 Rb7 40. Rhb1 Re8 41. a3 Rf8 42.
Kd2 Rbb8 43. Kc2 Rb7 44. Ra2 Rbb8 45. b4 cxb4 46. axb4 axb4 47. Kb3 Ra8 48.
Rba1 Qc7 49. c5 Qa5 50. Qe7 Ra7 51. Qd6 Qb5 52. Qxd4 g3 53. Nb6 Ra3+ 54. Rxa3
bxa3+ 55. Kc2 Qa5 56. Qc3 Qxc3+ 57. Kxc3 Kf7 58. Rxa3 Bh5 59. Nd7 Rd8 60. Nf6
Be2 61. Ra7+ Kg6 62. Rg7+ Kxh6 63. Rxg3 1-0

[Event "Bundesliga 2015-16"]
[Site "Emsdetten GER"]
[Date "2015.11.01"]
[Round "2"]
[White "Areshchenko, Alexander"]
[Black "Eljanov, Pavel"]
[Result "1/2-1/2"]
[WhiteElo "2661"]
[BlackElo "2717"]
[PlyCount "115"]
[EventDate "2015.10.18"]
[EventType "team"]
[WhiteTeam "SV Werder Bremen"]
[BlackTeam "USV TU Dresden"]

1. e4 e5 2. Nf3 Nc6 3. Bc4 Bc5 4. d3 Nf6 5. O-O O-O 6. c3 d5 7. exd5 Nxd5 8.
Nbd2 Bg4 9. h3 Bh5 10. Ne4 Be7 11. Ng3 Bg6 12. Re1 Bf6 13. Ne4 Nb6 14. Bb5 Re8
15. a4 a6 16. Bxc6 bxc6 17. a5 Nd5 18. Qa4 Qd7 19. Nc5 Qd6 20. Qc4 Ne7 21. Ng5
Qd5 22. Nge4 Nf5 23. Nxf6+ gxf6 24. Qxd5 cxd5 25. f4 Ng7 26. Nd7 Re6 27. fxe5
fxe5 28. Rxe5 Bxd3 29. Rxd5 Be4 30. Re5 Rxe5 31. Nxe5 Rd8 32. Be3 Nf5 33. Ra4
Rd1+ 34. Kf2 Nd6 35. Rb4 Kg7 36. Nc4 f5 37. Bd4+ Kf7 38. Nxd6+ cxd6 39. g3 Rd2+
40. Ke1 Rd3 41. Rb6 Rxg3 42. Rxa6 Ke6 43. Rb6 Rxh3 44. a6 Rh1+ 45. Kd2 Ra1 46.
Bc5 f4 47. Rxd6+ Ke5 48. Rh6 Kd5 49. Ba3 Rh1 50. a7 Kc4 51. Rxh1 Bxh1 52. Bd6
h5 53. Bxf4 h4 54. Ke3 Ba8 55. Bh2 h3 56. Bg1 Bb7 57. Kf4 Kb3 58. Kg3 1/2-1/2

[Event "European Team Championship 2015"]
[Site "Reykjavik ISL"]
[Date "2015.11.13"]
[Round "1"]
[White "Solak, Dragan"]
[Black "Svidler, Peter"]
[Result "1/2-1/2"]
[WhiteElo "2628"]
[BlackElo "2745"]
[PlyCount "61"]
[EventDate "2015.11.13"]
[WhiteTeam "Turkey"]
[BlackTeam "Russia"]

1. e4 e5 2. Nf3 Nc6 3. Bb5 a6 4. Bxc6 dxc6 5. O-O Bd6 6. d4 exd4 7. Qxd4 f6 8.
Be3 Ne7 9. Nbd2 Be6 10. Qc3 Qd7 11. Nc4 Bxc4 12. Qxc4 Ng6 13. Nd4 Ne5 14. Qb3
O-O-O 15. Nf5 Ng4 16. h3 Nxe3 17. Qxe3 Kb8 18. Rad1 Qf7 19. b3 Rhe8 20. Rd3 Bf8
21. Rfd1 Rxd3 22. Qxd3 g6 23. Nd4 Bd6 24. Nf3 Re7 25. Re1 Qe8 26. Kf1 a5 27.
Qd4 Re6 28. Qc4 Re7 29. Qd4 Re6 30. Qc4 Re7 31. Qd4 1/2-1/2